Strategi komunikasi pelajar-pelajar Melayu dalam pertuturan Bahasa Inggeris /
Saved in:
| 主要作者: | |
|---|---|
| 格式: | Thesis 圖書 |
| 語言: | English |
| 出版: |
1996.
|
| 主題: | |
| 在線閱讀: | http://studentsrepo.um.edu.my/id/eprint/460 http://studentsrepo.um.edu.my/id/eprint/2225 |
| 標簽: |
添加標簽
沒有標簽, 成為第一個標記此記錄!
|
| LEADER | 01666cam a2200373 a 4500 | ||
|---|---|---|---|
| 001 | u397675 | ||
| 003 | SIRSI | ||
| 008 | 940214s1996 my t 00 1 eng m | ||
| 035 | |a ACA-3875 | ||
| 040 | |a UMM |d UMB |d UMA | ||
| 043 | |a a-my--- | ||
| 090 | |a PE1131 |b Amhm | ||
| 091 | |a Microfiche 12624. | ||
| 093 | |a PE1131 |b Amhm | ||
| 094 | |a PE1131 $ b Amhm | ||
| 100 | 0 | 0 | |a Aminah Haji Mahmud. |
| 245 | 1 | 0 | |a Strategi komunikasi pelajar-pelajar Melayu dalam pertuturan Bahasa Inggeris / |c Hajah Aminah bt. Haji Mahamud. |
| 260 | |c 1996. | ||
| 300 | |a xv, 177 leaves [append.] : |b ill. ; |c 29cm. | ||
| 500 | |a AIUM | ||
| 500 | |a Also available on microfiche. Kuala Lumpur : Perpustakaan Universiti Malaya, 1996. 3 fiches : negative ; 11x15 cm. | ||
| 502 | |a Dissertation (M.M.L.S.) -- Fakulti Bahasa dan Linguistik, Universiti Malaya, 1996. | ||
| 504 | |a Bibliography : leaves 148-154. | ||
| 650 | 0 | |a English language |x Spoken English. | |
| 650 | 0 | |a English language |x Study and teaching (Higher) |x Malay speakers. | |
| 710 | 2 | 0 | |a Universiti Malaya. |b Pusat Bahasa. |
| 856 | 4 | 1 | |u http://studentsrepo.um.edu.my/id/eprint/460 |
| 856 | 4 | 1 | |u http://studentsrepo.um.edu.my/id/eprint/2225 |
| 948 | |a 19/06/1996 |b 12/06/2002 | ||
| 596 | |a 1 6 18 | ||
| 999 | |a PE1131 AMHM |w LC |c 1 |i A506002579 |d 28/6/2016 |e 28/6/2016 |l STACKS |m P01UTAMA |n 45 |r Y |s Y |t TESIS |u 30/9/1996 | ||
| 999 | |a PE1131 AMHM |w LC |c 1 |i A503692062 |d 26/3/2012 |e 26/3/2012 |l STACKS |m P06BAHASA |n 2 |r Y |s Y |t TESIS |u 7/8/1996 | ||
| 999 | |a PE1131 AMHM (A.I) PHOTOCOPY |w LC |c 1 |i A503697781 |l STACKS |m P06BAHASA |r Y |s Y |t TESIS |u 7/11/1997 | ||
| 999 | |a PE1131 AMHM |w LC |c 1 |i A509237347 |d 29/12/2001 |l RESERVES |m P18ISLPURI |n 1 |r Y |s Y |t TESIS |u 10/10/2001 | ||
